| 000 | 00697cam a22002057i 4500 | ||
|---|---|---|---|
| 001 | 20914351 | ||
| 005 | 20251205111245.0 | ||
| 008 | 190403s2018 ke 000 1 eng | ||
| 010 | _a 2019350196 | ||
| 020 | _a9780195747300 | ||
| 040 |
_aDLC _beng _erda _cLCC |
||
| 042 | _alcode | ||
| 050 | 0 | 0 | _aPR 9381.9.K66 2018 |
| 100 | 1 |
_aKombani, Kinyanjui, _d1981- _eauthor. |
|
| 245 | 1 | 0 |
_aOf pawns and players / _cKinyanjui Kombani. |
| 300 |
_a187 pages ; _c17 cm |
||
| 906 |
_a7 _bcbc _corigode _d4 _encip _f20 _gy-gencatlg |
||
| 942 |
_2lcc _cAFRICANA _hPR 9381.9.K66 2018 |
||
| 999 |
_c32004 _d32004 |
||